• 首页
  • 本馆介绍
  • 公告通知
  • 最新文献
  • 馆藏检索
  • 电子资源
  • 读者导购
  • 参考咨询
  • 我的图书馆
  • 登录
  • 详细信息显示
  • 放入我的书架
  • 预约/预借图书
  • 作者相关作品
  • 分类相关作品
  • 丛书相关作品
  • 出版社相关作品

书目信息

  • 表格格式
  • 工作单格式
  • 卡片格式
题名:
戈尔巴乔夫现象
    
 
作者: 科伊乔·佩特罗夫 著 ;葛志强 , 马细谱 译
分册:  
出版信息: 北京   社会科学文献出版社  2001
页数: 412页
开本: 20cm
丛书名: 当代世界社会主义研究国外学者丛书
单 册:
中图分类: D751.22
科图分类:
主题词: 政治改革--研究--苏联 , 政治改革--研究--东欧
电子资源:
ISBN: 7-80149-528-4
000 01004nam0 2200265 45
001 0304222310
005 20031219104109.7
010    @a7-80149-528-4@dCNY28.00
100    @a20030422d2001 km y0chiy0120 ea
101 0  @achi
105    @a z 000yy
200 1  @a戈尔巴乔夫现象@AGe Er Ba Qiao Fu Xian Xiang@e改革年代:苏联东欧与中国@EGai Ge Nian Dai:Su Lian Dong Ou Yu Zhong Guo@f(澳大利亚)科伊乔·佩特罗夫著@F(Ao Da Li Ya)Ke Yi Qiao·Pei Te Luo Fu Zhu@g葛志强,马细谱译
210    @a北京@c社会科学文献出版社@d2001
215    @a412页@d20cm
225    @a当代世界社会主义研究国外学者丛书
410    @12001 @a当代世界社会主义研究国外学者丛书
517    @a改革年代:苏联东欧与中国@AGai Ge Nian Dai:Su Lian Dong Ou Yu Zhong Guo
606 0  @a政治改革@x研究@y苏联
606 0  @a政治改革@x研究@y东欧
690    @aD751.22@v4
701  0 @a科伊乔·佩特罗夫@4著
702  0 @a葛志强@AGe Zhi Qiang@4译
702  0 @a马细谱@AMa Xi Pu@4译
801    @aCN@bTSTC@c20030423
905    @b323108-112@dD751.22@e215@f5
    
    戈尔巴乔夫现象:改革年代:苏联东欧与中国/(澳大利亚)科伊乔·佩特罗夫著/葛志强,马细谱译.-北京:社会科学文献出版社,2001
    412页;20cm.-(当代世界社会主义研究国外学者丛书)
    
    
    ISBN 7-80149-528-4:CNY28.00
    
●
相关链接 在E读中查询图书 在五车中查询图书 在当当中查询图书 在豆瓣中查询图书


正题名:戈尔巴乔夫现象     索取号:D751.22/215         预约/预借

序号 登录号 条形码 馆藏地/架位号 状态 备注
1 0323108   203231083   第一借阅区/ [索取号:D751.22/215] 在馆    
2 0323109   203231092   第一借阅区/ [索取号:D751.22/215] 在馆    
3 0323110   203231109   第一借阅区/ [索取号:D751.22/215] 在馆    
4 0323111   203231118   第一借阅区/ [索取号:D751.22/215] 在馆    
5 0323112   203231127   第一借阅区/ [索取号:D751.22/215] 在馆    
唐山师范学院图书馆 欢迎您!
大连网信软件有限公司© 版权所有